[Event "DEM U14 2020"]
[Site "Willingen GER"]
[Date "2020.10.23"]
[Round "5"]
[White "Bui, Bao Anh Le"]
[Black "Costa, Leonardo"]
[Result "1/2-1/2"]
[Termination "normal"]
[Board "2"]
[WhiteElo "2149"]
[BlackElo "2165"]
[WhiteClock "00:08:26"]
[BlackClock "00:10:24"]
[PlyCount "57"]
[WhiteFideId "12970719"]
[BlackFideId "16213955"]
[EventCountry "GER"]
[EventRounds "7"]
[EventType "swiss"]
[EventDate "2020.10.19"]

1. e4 {[%clk 1:30:32]} e5 {[%clk 1:30:50]} 2. Nf3 {[%clk 1:30:48]} Nc6 {[%clk
1:31:16]} 3. Bc4 {[%clk 1:30:49]} Bc5 {[%clk 1:31:39]} 4. c3 {[%clk 1:31:11]}
Nf6 {[%clk 1:32:04]} 5. d4 {[%clk 1:31:26]} exd4 {[%clk 1:32:19]} 6. e5 {[%clk
1:31:45]} d5 {[%clk 1:32:12]} 7. Be2 {[%clk 1:32:09]} Ne4 {[%clk 1:30:32]} 8.
cxd4 {[%clk 1:32:27]} Bb6 {[%clk 1:28:01]} 9. O-O {[%clk 1:32:31]} O-O {[%clk
1:23:49]} 10. Nc3 {[%clk 1:32:46]} Nxc3 {[%clk 1:21:11]} 11. bxc3 {[%clk
1:32:47]} f6 {[%clk 1:14:48]} 12. exf6 {[%clk 1:25:53]} Qxf6 {[%clk 1:14:27]}
13. Bg5 {[%clk 1:12:05]} Qd6 {[%clk 1:05:46]} 14. Bh4 {[%clk 1:09:28]} Bg4
{[%clk 0:53:56]} 15. Bg3 {[%clk 1:04:36]} Qa3 {[%clk 0:51:53]} 16. Qb3 {[%clk
0:48:59]} Qxb3 {[%clk 0:52:10]} 17. axb3 {[%clk 0:49:24]} Rfe8 {[%clk 0:46:14]}
18. Ra2 {[%clk 0:37:58]} Re7 {[%clk 0:32:53]} 19. h3 {[%clk 0:28:36]} Bh5
{[%clk 0:29:51]} 20. Rfa1 {[%clk 0:21:18]} Rae8 {[%clk 0:22:12]} 21. Ne5 {[%clk
0:21:16]} Bxe2 {[%clk 0:22:23]} 22. Rxe2 {[%clk 0:21:21]} a6 {[%clk 0:20:06]}
23. Rd2 {[%clk 0:14:24]} Nxe5 {[%clk 0:19:17]} 24. Bxe5 {[%clk 0:14:00]} c6
{[%clk 0:16:23]} 25. f4 {[%clk 0:11:02]} Kf7 {[%clk 0:14:54]} 26. Kf1 {[%clk
0:09:47]} a5 {[%clk 0:13:17]} 27. Ke2 {[%clk 0:09:35]} Bd8 {[%clk 0:10:16]} 28.
Kd3 {[%clk 0:09:30]} b6 {[%clk 0:10:24]} 29. g4 {[%clk 0:08:26]} 1/2-1/2

[Event "DEM U14 2020"]
[Site "Willingen GER"]
[Date "2020.10.23"]
[Round "5"]
[White "Halabi, Ibrahim"]
[Black "Laux, Dominik"]
[Result "0-1"]
[Termination "normal"]
[Board "3"]
[WhiteElo "1895"]
[BlackElo "2009"]
[WhiteClock "00:11:52"]
[BlackClock "00:46:30"]
[PlyCount "50"]
[WhiteFideId "16241754"]
[BlackFideId "12994219"]
[EventCountry "GER"]
[EventRounds "7"]
[EventType "swiss"]
[EventDate "2020.10.19"]

1. d4 {[%clk 1:30:58]} d5 {[%clk 1:30:19]} 2. Bf4 {[%clk 1:31:22]} Nf6 {[%clk
1:30:33]} 3. Nf3 {[%clk 1:31:37]} c5 {[%clk 1:25:57]} 4. e3 {[%clk 1:31:49]}
Nc6 {[%clk 1:23:55]} 5. Nbd2 {[%clk 1:31:33]} Bf5 {[%clk 1:22:18]} 6. c3 {[%clk
1:30:16]} Qb6 {[%clk 1:21:42]} 7. Qb3 {[%clk 1:29:31]} c4 {[%clk 1:21:33]} 8.
Qxb6 {[%clk 1:27:42]} axb6 {[%clk 1:21:57]} 9. Be2 {[%clk 1:26:24]} h6 {[%clk
1:22:01]} 10. Ne5 {[%clk 1:21:31]} e6 {[%clk 1:19:08]} 11. g4 {[%clk 1:12:55]}
Bc2 {[%clk 1:13:50]} 12. h4 {[%clk 1:05:03]} Nxe5 {[%clk 1:08:49]} 13. dxe5
{[%clk 1:00:33]} Nd7 {[%clk 1:08:02]} 14. Rc1 {[%clk 0:59:26]} Bg6 {[%clk
1:06:12]} 15. a3 {[%clk 0:54:17]} Nc5 {[%clk 1:05:21]} 16. O-O {[%clk 0:44:40]}
Na4 {[%clk 0:55:16]} 17. b3 {[%clk 0:35:27]} cxb3 {[%clk 0:52:18]} 18. Bb5+
{[%clk 0:34:04]} Kd8 {[%clk 0:51:35]} 19. Nxb3 {[%clk 0:24:41]} Bxa3 {[%clk
0:48:13]} 20. Ra1 {[%clk 0:24:16]} Nxc3 {[%clk 0:48:34]} 21. Nd4 {[%clk
0:24:18]} Ke7 {[%clk 0:47:52]} 22. h5 {[%clk 0:22:24]} Bh7 {[%clk 0:47:42]} 23.
e4 {[%clk 0:17:54]} Bc5 {[%clk 0:46:32]} 24. exd5 {[%clk 0:14:49]} exd5 {[%clk
0:46:16]} 25. Nf5+ {[%clk 0:11:52]} Bxf5 {[%clk 0:46:30]} 0-1

[Event "DEM U14 2020"]
[Site "Willingen GER"]
[Date "2020.10.23"]
[Round "5"]
[White "Ohler, Julius"]
[Black "Stork, Christopher"]
[Result "1/2-1/2"]
[Termination "normal"]
[Board "4"]
[WhiteElo "2011"]
[BlackElo "1869"]
[WhiteClock "00:44:31"]
[BlackClock "00:37:42"]
[PlyCount "41"]
[WhiteFideId "16238982"]
[BlackFideId "16215400"]
[EventCountry "GER"]
[EventRounds "7"]
[EventType "swiss"]
[EventDate "2020.10.19"]

1. Nf3 {[%clk 1:30:58]} Nf6 {[%clk 1:27:26]} 2. g3 {[%clk 1:30:44]} g6 {[%clk
1:25:17]} 3. Bg2 {[%clk 1:30:52]} Bg7 {[%clk 1:25:15]} 4. O-O {[%clk 1:31:15]}
O-O {[%clk 1:25:28]} 5. d4 {[%clk 1:30:36]} d6 {[%clk 1:22:49]} 6. b3 {[%clk
1:27:00]} Nbd7 {[%clk 1:19:56]} 7. Bb2 {[%clk 1:23:36]} c5 {[%clk 1:16:00]} 8.
dxc5 {[%clk 1:22:16]} Nxc5 {[%clk 1:14:11]} 9. c4 {[%clk 1:22:04]} a5 {[%clk
1:10:04]} 10. Nc3 {[%clk 1:17:19]} Bd7 {[%clk 1:06:45]} 11. Nd4 {[%clk
1:13:30]} Qc8 {[%clk 1:03:11]} 12. Qc2 {[%clk 1:05:48]} Bh3 {[%clk 1:00:48]}
13. Rfd1 {[%clk 1:04:56]} Bxg2 {[%clk 0:55:43]} 14. Kxg2 {[%clk 1:05:14]} Ne6
{[%clk 0:47:34]} 15. e3 {[%clk 1:02:44]} Nxd4 {[%clk 0:43:47]} 16. exd4 {[%clk
1:02:35]} d5 {[%clk 0:41:58]} 17. c5 {[%clk 0:56:11]} Qc6 {[%clk 0:40:02]} 18.
Na4 {[%clk 0:53:12]} Nd7 {[%clk 0:38:22]} 19. Rac1 {[%clk 0:52:02]} Rfc8 {[%clk
0:38:00]} 20. Qe2 {[%clk 0:51:03]} e6 {[%clk 0:37:42]} 21. h3 {[%clk 0:44:31]}
1/2-1/2

[Event "DEM U14 2020"]
[Site "Willingen GER"]
[Date "2020.10.23"]
[Round "5"]
[White "Eilenberg, Jonas"]
[Black "Spriestersbach, Kai"]
[Result "1-0"]
[Termination "normal"]
[Board "5"]
[WhiteElo "2242"]
[BlackElo "1863"]
[WhiteClock "00:48:26"]
[BlackClock "00:06:44"]
[PlyCount "113"]
[WhiteFideId "16204271"]
[BlackFideId "16269985"]
[EventCountry "GER"]
[EventRounds "7"]
[EventType "swiss"]
[EventDate "2020.10.19"]

1. d4 {[%clk 1:30:57]} Nf6 {[%clk 1:30:54]} 2. c4 {[%clk 1:31:24]} e6 {[%clk
1:31:19]} 3. Nc3 {[%clk 1:31:38]} Bb4 {[%clk 1:31:42]} 4. f3 {[%clk 1:29:58]}
c5 {[%clk 1:28:24]} 5. d5 {[%clk 1:30:16]} b5 {[%clk 1:21:12]} 6. e4 {[%clk
1:29:18]} bxc4 {[%clk 1:21:05]} 7. Bxc4 {[%clk 1:29:17]} exd5 {[%clk 1:20:12]}
8. Bxd5 {[%clk 1:29:17]} Nxd5 {[%clk 1:19:50]} 9. Qxd5 {[%clk 1:29:45]} Nc6
{[%clk 1:19:17]} 10. Bg5 {[%clk 1:28:15]} Qa5 {[%clk 1:13:42]} 11. Nge2 {[%clk
1:22:49]} Ba6 {[%clk 1:08:54]} 12. Kf2 {[%clk 1:08:04]} O-O {[%clk 1:04:21]}
13. a3 {[%clk 1:06:54]} Bxc3 {[%clk 1:04:45]} 14. Nxc3 {[%clk 1:07:21]} c4
{[%clk 0:45:58]} 15. Qxa5 {[%clk 1:06:23]} Nxa5 {[%clk 0:46:21]} 16. Be7 {[%clk
1:05:49]} Rfe8 {[%clk 0:36:49]} 17. Bb4 {[%clk 1:05:49]} Nb3 {[%clk 0:32:03]}
18. Rad1 {[%clk 1:06:04]} Bb7 {[%clk 0:31:24]} 19. Nb5 {[%clk 1:05:47]} a5
{[%clk 0:30:43]} 20. Bc3 {[%clk 1:05:17]} Rec8 {[%clk 0:29:50]} 21. Nd6 {[%clk
1:04:11]} Rc7 {[%clk 0:29:50]} 22. Be5 {[%clk 0:59:25]} f6 {[%clk 0:27:08]} 23.
Bc3 {[%clk 0:59:51]} Nc5 {[%clk 0:26:58]} 24. Ke3 {[%clk 0:57:17]} a4 {[%clk
0:21:19]} 25. g4 {[%clk 0:53:06]} Ba6 {[%clk 0:19:54]} 26. Rhg1 {[%clk
0:51:24]} Ne6 {[%clk 0:18:01]} 27. Nf5 {[%clk 0:49:14]} h6 {[%clk 0:15:47]} 28.
h4 {[%clk 0:49:10]} Kf7 {[%clk 0:15:10]} 29. Rd6 {[%clk 0:46:46]} Bc8 {[%clk
0:14:07]} 30. f4 {[%clk 0:42:47]} Ra6 {[%clk 0:13:15]} 31. g5 {[%clk 0:41:12]}
hxg5 {[%clk 0:13:15]} 32. hxg5 {[%clk 0:41:28]} fxg5 {[%clk 0:13:21]} 33. fxg5
{[%clk 0:39:32]} Rxd6 {[%clk 0:12:47]} 34. Nxd6+ {[%clk 0:40:01]} Kg6 {[%clk
0:12:56]} 35. Nf5 {[%clk 0:38:56]} Bb7 {[%clk 0:12:08]} 36. Ne7+ {[%clk
0:36:26]} Kf7 {[%clk 0:07:33]} 37. Nd5 {[%clk 0:36:48]} Rc5 {[%clk 0:06:57]}
38. g6+ {[%clk 0:36:55]} Ke8 {[%clk 0:06:54]} 39. Bb4 {[%clk 0:37:09]} Rb5
{[%clk 0:06:47]} 40. Rh1 {[%clk 0:37:10]} d6 {[%clk 0:05:46]} 41. Rh5 {[%clk
0:34:41]} Bc6 {[%clk 0:28:06]} 42. Bc3 {[%clk 1:01:56]} Kd7 {[%clk 0:27:23]}
43. Rf5 {[%clk 1:01:45]} Ke8 {[%clk 0:23:01]} 44. Bb4 {[%clk 0:53:14]} Rb7
{[%clk 0:18:24]} 45. Rf2 {[%clk 0:52:36]} Rb5 {[%clk 0:18:02]} 46. Rd2 {[%clk
0:51:43]} Bxd5 {[%clk 0:15:19]} 47. exd5 {[%clk 0:51:50]} Nc7 {[%clk 0:14:52]}
48. Ke4 {[%clk 0:52:08]} Ke7 {[%clk 0:13:54]} 49. Bc3 {[%clk 0:51:45]} Ne8
{[%clk 0:11:07]} 50. Rf2 {[%clk 0:46:38]} Nf6+ {[%clk 0:11:26]} 51. Bxf6+
{[%clk 0:47:03]} gxf6 {[%clk 0:11:45]} 52. Re2 {[%clk 0:47:31]} Kf8 {[%clk
0:08:55]} 53. Kf5 {[%clk 0:47:37]} Rb3 {[%clk 0:06:58]} 54. Kxf6 {[%clk
0:47:39]} Rf3+ {[%clk 0:07:08]} 55. Ke6 {[%clk 0:47:56]} Kg7 {[%clk 0:06:26]}
56. Kxd6 {[%clk 0:48:11]} Kxg6 {[%clk 0:06:44]} 57. Re4 {[%clk 0:48:26]} 1-0

[Event "DEM U14 2020"]
[Site "Willingen GER"]
[Date "2020.10.23"]
[Round "5"]
[White "Pikalow, Michael"]
[Black "Haack, Kevin"]
[Result "0-1"]
[Termination "normal"]
[Board "6"]
[WhiteElo "2021"]
[BlackElo "2209"]
[WhiteClock "00:05:29"]
[BlackClock "01:12:47"]
[PlyCount "62"]
[WhiteFideId "16227638"]
[BlackFideId "16228715"]
[EventCountry "GER"]
[EventRounds "7"]
[EventType "swiss"]
[EventDate "2020.10.19"]

1. e4 {[%clk 1:30:58]} c5 {[%clk 1:30:56]} 2. Nf3 {[%clk 1:31:15]} d6 {[%clk
1:31:22]} 3. Nc3 {[%clk 1:31:41]} Nf6 {[%clk 1:31:46]} 4. d4 {[%clk 1:32:08]}
cxd4 {[%clk 1:32:12]} 5. Nxd4 {[%clk 1:32:31]} a6 {[%clk 1:32:39]} 6. Be3
{[%clk 1:32:54]} e6 {[%clk 1:32:59]} 7. g4 {[%clk 1:33:19]} e5 {[%clk 1:33:26]}
8. Nf5 {[%clk 1:33:33]} g6 {[%clk 1:33:52]} 9. g5 {[%clk 1:33:56]} gxf5 {[%clk
1:34:17]} 10. exf5 {[%clk 1:34:20]} d5 {[%clk 1:34:43]} 11. Qf3 {[%clk
1:34:46]} Ne4 {[%clk 1:34:59]} 12. Nxe4 {[%clk 1:33:24]} dxe4 {[%clk 1:35:25]}
13. Qxe4 {[%clk 1:32:57]} Nc6 {[%clk 1:35:54]} 14. Bc4 {[%clk 1:29:28]} Qd7
{[%clk 1:36:21]} 15. g6 {[%clk 1:20:24]} fxg6 {[%clk 1:36:47]} 16. fxg6 {[%clk
1:18:18]} Qe7 {[%clk 1:37:12]} 17. Rg1 {[%clk 1:00:54]} hxg6 {[%clk 1:37:29]}
18. Qxg6+ {[%clk 0:47:39]} Kd7 {[%clk 1:37:53]} 19. O-O-O+ {[%clk 0:46:12]} Kc7
{[%clk 1:38:20]} 20. Rg3 {[%clk 0:37:49]} Bd7 {[%clk 1:33:29]} 21. Bg5 {[%clk
0:29:11]} Qh7 {[%clk 1:24:40]} 22. Qf6 {[%clk 0:08:12]} Be7 {[%clk 1:22:37]}
23. Qf3 {[%clk 0:08:17]} Bxg5+ {[%clk 1:17:59]} 24. Rxg5 {[%clk 0:08:39]} Rad8
{[%clk 1:18:02]} 25. Kb1 {[%clk 0:07:09]} Qh4 {[%clk 1:16:54]} 26. Rg7 {[%clk
0:05:27]} Qxc4 {[%clk 1:16:44]} 27. Qf6 {[%clk 0:05:49]} Qc5 {[%clk 1:13:55]}
28. Rdxd7+ {[%clk 0:04:54]} Rxd7 {[%clk 1:13:52]} 29. Rxd7+ Kxd7 {[%clk
1:13:48]} 30. Qxh8 {[%clk 0:05:31]} Qxf2 {[%clk 1:12:47]} 31. Qg7+ {[%clk
0:05:29]} Kc8 0-1

[Event "DEM U14 2020"]
[Site "Willingen GER"]
[Date "2020.10.23"]
[Round "5"]
[White "Hagner, Bennet"]
[Black "Hecht, Jonas Christian"]
[Result "1-0"]
[Termination "normal"]
[Board "7"]
[WhiteElo "2080"]
[BlackElo "1764"]
[WhiteClock "00:24:18"]
[BlackClock "00:31:11"]
[PlyCount "81"]
[WhiteFideId "16224477"]
[BlackFideId "16214846"]
[EventCountry "GER"]
[EventRounds "7"]
[EventType "swiss"]
[EventDate "2020.10.19"]

1. e4 {[%clk 1:30:58]} e5 {[%clk 1:30:52]} 2. Nf3 {[%clk 1:31:23]} Nc6 {[%clk
1:31:17]} 3. Bb5 {[%clk 1:31:48]} a6 {[%clk 1:31:35]} 4. Ba4 {[%clk 1:32:12]}
Nf6 {[%clk 1:31:59]} 5. O-O {[%clk 1:32:35]} Be7 {[%clk 1:32:19]} 6. Re1 {[%clk
1:32:56]} b5 {[%clk 1:32:23]} 7. Bb3 {[%clk 1:33:20]} d6 {[%clk 1:32:49]} 8. c3
{[%clk 1:33:35]} O-O {[%clk 1:33:13]} 9. h3 {[%clk 1:33:59]} Nb8 {[%clk
1:33:35]} 10. d4 {[%clk 1:34:16]} Nbd7 {[%clk 1:33:55]} 11. Nbd2 {[%clk
1:34:16]} Bb7 {[%clk 1:34:10]} 12. Bc2 {[%clk 1:34:37]} Re8 {[%clk 1:34:34]}
13. Nf1 {[%clk 1:35:00]} Bf8 {[%clk 1:34:59]} 14. Ng3 {[%clk 1:35:23]} g6
{[%clk 1:35:21]} 15. a4 {[%clk 1:32:10]} Nb6 {[%clk 1:35:18]} 16. a5 {[%clk
1:27:08]} Nbd7 {[%clk 1:35:40]} 17. b3 {[%clk 1:18:14]} Bg7 {[%clk 1:33:09]}
18. d5 {[%clk 1:13:37]} Bf8 {[%clk 1:28:28]} 19. Nh2 {[%clk 1:10:32]} c6 {[%clk
1:26:03]} 20. c4 {[%clk 1:08:22]} cxd5 {[%clk 1:25:50]} 21. cxd5 {[%clk
1:07:45]} Qc7 {[%clk 1:21:46]} 22. Bd2 {[%clk 1:06:28]} Rac8 {[%clk 1:10:03]}
23. Rc1 {[%clk 1:06:28]} Qc5 {[%clk 1:10:06]} 24. b4 {[%clk 1:02:34]} Qc7
{[%clk 1:06:11]} 25. Bd3 {[%clk 1:00:32]} Qb8 {[%clk 1:05:35]} 26. Qf3 {[%clk
0:56:46]} Rxc1 {[%clk 1:02:43]} 27. Rxc1 {[%clk 0:57:09]} Rc8 28. Rd1 {[%clk
0:51:37]} Bg7 {[%clk 1:00:03]} 29. Ng4 {[%clk 0:50:14]} h5 {[%clk 0:59:32]} 30.
Nxf6+ {[%clk 0:48:26]} Nxf6 {[%clk 0:59:50]} 31. Bg5 {[%clk 0:46:37]} Nh7
{[%clk 0:58:16]} 32. Bd2 {[%clk 0:46:31]} Rc7 {[%clk 0:56:21]} 33. Ne2 {[%clk
0:42:53]} Qd8 {[%clk 0:47:27]} 34. Qe3 {[%clk 0:38:39]} Qd7 {[%clk 0:44:03]}
35. Qb6 {[%clk 0:37:44]} f5 {[%clk 0:41:39]} 36. exf5 {[%clk 0:36:03]} Nf6
{[%clk 0:39:43]} 37. Bb1 {[%clk 0:27:58]} Nxd5 {[%clk 0:39:43]} 38. Ba2 {[%clk
0:28:15]} Kf8 {[%clk 0:35:36]} 39. Bxd5 {[%clk 0:27:35]} Bxd5 {[%clk 0:34:47]}
40. f6 {[%clk 0:24:11]} Bxf6 {[%clk 0:31:11]} 41. Bh6+ {[%clk 0:24:18]} 1-0

[Event "DEM U14 2020"]
[Site "Willingen GER"]
[Date "2020.10.23"]
[Round "5"]
[White "Foerster-Yialamas, Lucas"]
[Black "Huo, Da"]
[Result "0-1"]
[Termination "normal"]
[Board "8"]
[WhiteTitle "CM"]
[WhiteElo "2033"]
[BlackElo "1868"]
[WhiteClock "00:06:49"]
[BlackClock "00:28:45"]
[PlyCount "100"]
[WhiteFideId "30901774"]
[BlackFideId "16221206"]
[EventCountry "GER"]
[EventRounds "7"]
[EventType "swiss"]
[EventDate "2020.10.19"]

1. e4 {[%clk 1:30:59]} c5 {[%clk 1:30:56]} 2. Nf3 {[%clk 1:31:21]} d6 {[%clk
1:31:21]} 3. d4 {[%clk 1:31:44]} cxd4 {[%clk 1:31:45]} 4. Nxd4 {[%clk 1:32:11]}
Nf6 {[%clk 1:32:09]} 5. Nc3 {[%clk 1:32:34]} Nc6 {[%clk 1:31:54]} 6. Bg5 {[%clk
1:32:54]} e6 {[%clk 1:32:16]} 7. Qd2 {[%clk 1:33:18]} a6 {[%clk 1:32:39]} 8.
O-O-O {[%clk 1:33:40]} Bd7 {[%clk 1:33:06]} 9. f3 {[%clk 1:34:02]} Be7 {[%clk
1:33:08]} 10. h4 {[%clk 1:34:05]} h6 {[%clk 1:33:18]} 11. Be3 {[%clk 1:34:28]}
h5 {[%clk 1:33:41]} 12. Kb1 {[%clk 1:33:55]} Ne5 {[%clk 1:32:42]} 13. Qf2
{[%clk 1:29:16]} b5 {[%clk 1:27:56]} 14. a3 {[%clk 1:22:04]} Rb8 {[%clk
1:24:32]} 15. Qg3 {[%clk 1:11:47]} Kf8 {[%clk 1:22:31]} 16. f4 {[%clk 1:06:37]}
Neg4 {[%clk 1:21:00]} 17. e5 {[%clk 1:05:50]} Ne8 {[%clk 1:20:06]} 18. Be2
{[%clk 1:02:01]} Nxe3 {[%clk 1:16:39]} 19. Qxe3 {[%clk 1:02:12]} g6 {[%clk
1:15:19]} 20. Ne4 {[%clk 0:51:49]} d5 {[%clk 1:14:22]} 21. Ng5 {[%clk 0:52:00]}
Ng7 {[%clk 1:14:27]} 22. Bd3 {[%clk 0:49:44]} Nf5 {[%clk 1:13:18]} 23. Bxf5
{[%clk 0:49:56]} gxf5 {[%clk 1:13:21]} 24. Rd2 {[%clk 0:40:38]} a5 {[%clk
1:12:08]} 25. Rhd1 {[%clk 0:37:34]} Qb6 {[%clk 1:08:58]} 26. Rd3 {[%clk
0:25:18]} b4 {[%clk 1:02:48]} 27. axb4 {[%clk 0:25:31]} axb4 {[%clk 1:02:55]}
28. Nb3 {[%clk 0:25:45]} Qxe3 {[%clk 0:58:07]} 29. Rxe3 {[%clk 0:26:07]} Rc8
{[%clk 0:56:06]} 30. Nd4 {[%clk 0:25:23]} Bc5 {[%clk 0:55:38]} 31. b3 {[%clk
0:24:30]} Ke7 {[%clk 0:55:19]} 32. Red3 {[%clk 0:24:08]} Bb6 {[%clk 0:53:30]}
33. Kb2 {[%clk 0:22:46]} Rc7 {[%clk 0:47:28]} 34. c3 {[%clk 0:13:51]} Bxd4
{[%clk 0:40:53]} 35. cxd4 {[%clk 0:14:09]} Rhc8 {[%clk 0:39:05]} 36. R1d2
{[%clk 0:09:09]} Bb5 {[%clk 0:26:31]} 37. Rg3 {[%clk 0:06:51]} Rc3 {[%clk
0:25:54]} 38. Nf3 {[%clk 0:06:21]} Bd3 {[%clk 0:25:21]} 39. Ng1 {[%clk
0:05:18]} Be4 {[%clk 0:25:29]} 40. Rh3 {[%clk 0:05:02]} Rc1 {[%clk 0:25:50]}
41. Rhd3 {[%clk 0:04:13]} Bxd3 {[%clk 0:26:04]} 42. Rxd3 {[%clk 0:04:23]} Rxg1
{[%clk 0:26:30]} 43. Rd2 {[%clk 0:04:29]} Rcc1 {[%clk 0:26:29]} 44. Rd3 {[%clk
0:04:41]} Rcd1 {[%clk 0:26:40]} 45. Rc3 {[%clk 0:04:51]} bxc3+ {[%clk 0:27:01]}
46. Kxc3 {[%clk 0:05:15]} Rxg2 {[%clk 0:27:19]} 47. Kb4 {[%clk 0:05:40]} Rxd4+
{[%clk 0:27:44]} 48. Kc5 {[%clk 0:05:58]} Rxf4 {[%clk 0:28:02]} 49. b4 {[%clk
0:06:25]} Rc2+ {[%clk 0:28:22]} 50. Kb6 {[%clk 0:06:49]} Rxb4+ {[%clk 0:28:45]}
0-1

[Event "DEM U14 2020"]
[Site "Willingen GER"]
[Date "2020.10.23"]
[Round "5"]
[White "Schubert, Nikita"]
[Black "Chassard, Cedric"]
[Result "1/2-1/2"]
[Termination "normal"]
[Board "9"]
[WhiteElo "1946"]
[BlackElo "1916"]
[WhiteClock "00:01:05"]
[BlackClock "00:05:04"]
[PlyCount "117"]
[WhiteFideId "16212339"]
[BlackFideId "16243536"]
[EventCountry "GER"]
[EventRounds "7"]
[EventType "swiss"]
[EventDate "2020.10.19"]

1. e4 {[%clk 1:30:56]} e5 {[%clk 1:30:54]} 2. Nf3 {[%clk 1:31:20]} Nc6 {[%clk
1:31:20]} 3. Bb5 {[%clk 1:31:43]} a6 {[%clk 1:31:46]} 4. Ba4 {[%clk 1:32:07]}
Nf6 {[%clk 1:32:14]} 5. d4 {[%clk 1:32:22]} Nxd4 {[%clk 1:07:45]} 6. Nxe5
{[%clk 1:24:30]} Ne6 {[%clk 1:02:58]} 7. O-O {[%clk 1:15:41]} Nxe4 {[%clk
0:56:41]} 8. Qf3 {[%clk 1:02:35]} Nf6 {[%clk 0:55:36]} 9. Rd1 {[%clk 0:59:39]}
Bd6 {[%clk 0:48:35]} 10. Ng4 {[%clk 0:44:27]} h5 {[%clk 0:41:36]} 11. Nxf6+
{[%clk 0:29:42]} Qxf6 {[%clk 0:41:38]} 12. Qxf6 {[%clk 0:26:07]} gxf6 {[%clk
0:41:24]} 13. c4 {[%clk 0:24:52]} Be5 {[%clk 0:33:15]} 14. Nd2 {[%clk 0:17:17]}
Nd4 {[%clk 0:31:38]} 15. Re1 {[%clk 0:17:02]} Kd8 {[%clk 0:28:03]} 16. Ne4
{[%clk 0:16:08]} Rg8 {[%clk 0:26:57]} 17. Bd1 {[%clk 0:15:39]} d5 {[%clk
0:20:50]} 18. cxd5 {[%clk 0:13:20]} Bg4 {[%clk 0:20:55]} 19. f4 {[%clk
0:10:14]} Bxd1 {[%clk 0:18:40]} 20. Rxd1 {[%clk 0:09:52]} Ne2+ {[%clk 0:18:36]}
21. Kf2 {[%clk 0:07:30]} Nxf4 {[%clk 0:18:43]} 22. Bxf4 {[%clk 0:06:12]} Bxf4
{[%clk 0:19:10]} 23. Nxf6 {[%clk 0:05:47]} Rg6 {[%clk 0:18:55]} 24. Ne4 {[%clk
0:05:19]} Bxh2 {[%clk 0:16:44]} 25. Rh1 {[%clk 0:05:30]} Be5 {[%clk 0:16:43]}
26. Rxh5 {[%clk 0:05:00]} Bxb2 {[%clk 0:16:20]} 27. Rb1 {[%clk 0:05:04]} Bd4+
{[%clk 0:16:29]} 28. Kf3 {[%clk 0:05:11]} b6 {[%clk 0:15:15]} 29. Rd1 {[%clk
0:04:58]} Bg7 {[%clk 0:14:47]} 30. d6 {[%clk 0:03:49]} cxd6 {[%clk 0:14:40]}
31. Nxd6 {[%clk 0:03:42]} Kc7 {[%clk 0:14:50]} 32. Rhd5 {[%clk 0:02:53]} Rg8
{[%clk 0:08:37]} 33. Nf5 {[%clk 0:02:23]} Bf8 {[%clk 0:08:25]} 34. Rd7+ {[%clk
0:01:48]} Kc6 {[%clk 0:08:01]} 35. Rxf7 {[%clk 0:02:01]} Bc5 {[%clk 0:06:38]}
36. Rd2 {[%clk 0:01:50]} Rg4 {[%clk 0:04:22]} 37. Rf6+ {[%clk 0:01:49]} Kb5
{[%clk 0:03:52]} 38. Re2 {[%clk 0:01:24]} Ra4 {[%clk 0:03:23]} 39. Rb2+ {[%clk
0:01:05]} Ka5 {[%clk 0:02:48]} 40. g3 {[%clk 0:00:52]} Ra3+ {[%clk 0:00:32]}
41. Kf4 {[%clk 0:22:13]} Ra4+ {[%clk 0:26:40]} 42. Kf3 {[%clk 0:20:43]} Rd8
{[%clk 0:24:06]} 43. Re6 {[%clk 0:11:25]} Rd3+ {[%clk 0:23:28]} 44. Kg2 {[%clk
0:11:16]} Rda3 {[%clk 0:22:22]} 45. Ree2 {[%clk 0:11:14]} Rg4 {[%clk 0:22:08]}
46. Re5 {[%clk 0:07:08]} Rg5 {[%clk 0:19:58]} 47. Rbe2 {[%clk 0:06:53]} Rc3
{[%clk 0:19:24]} 48. Kh2 {[%clk 0:04:21]} Rf3 {[%clk 0:16:39]} 49. Nd4 {[%clk
0:03:09]} Rfxg3 50. Nb3+ {[%clk 0:00:58]} Kb5 {[%clk 0:11:53]} 51. Nxc5 {[%clk
0:00:53]} bxc5 {[%clk 0:12:03]} 52. Rb2+ {[%clk 0:00:53]} Kc6 {[%clk 0:12:08]}
53. Re6+ {[%clk 0:01:00]} Kd5 {[%clk 0:11:12]} 54. Rxa6 {[%clk 0:01:09]} R3g4
{[%clk 0:10:32]} 55. Kh3 {[%clk 0:00:54]} Rg8 {[%clk 0:10:35]} 56. Rd2+ {[%clk
0:00:40]} Rd4 {[%clk 0:10:54]} 57. Rc2 {[%clk 0:00:46]} Rd3+ {[%clk 0:09:42]}
58. Kh2 {[%clk 0:00:57]} Rg5 {[%clk 0:05:04]} 59. Rxc5+ {[%clk 0:01:05]}
1/2-1/2

[Event "DEM U14 2020"]
[Site "Willingen GER"]
[Date "2020.10.23"]
[Round "5"]
[White "Sallandt, Frido"]
[Black "Rempe, Jonas"]
[Result "1/2-1/2"]
[Termination "normal"]
[Board "10"]
[WhiteElo "1770"]
[BlackElo "1925"]
[WhiteClock "00:15:04"]
[BlackClock "00:07:44"]
[PlyCount "62"]
[WhiteFideId "16231767"]
[BlackFideId "16202406"]
[EventCountry "GER"]
[EventRounds "7"]
[EventType "swiss"]
[EventDate "2020.10.19"]

1. e4 {[%clk 1:30:57]} c5 {[%clk 1:30:55]} 2. b3 {[%clk 1:28:44]} Nc6 {[%clk
1:29:06]} 3. Bb2 {[%clk 1:28:25]} e6 {[%clk 1:29:21]} 4. Nf3 {[%clk 1:25:23]}
d6 {[%clk 1:26:18]} 5. Bb5 {[%clk 1:24:49]} Bd7 {[%clk 1:25:35]} 6. O-O {[%clk
1:22:46]} Nf6 {[%clk 1:25:12]} 7. Qe2 {[%clk 1:19:37]} a6 {[%clk 1:23:42]} 8.
Bxc6 {[%clk 1:19:17]} Bxc6 {[%clk 1:23:51]} 9. Nc3 {[%clk 1:16:53]} d5 {[%clk
1:15:44]} 10. Ne5 {[%clk 1:05:42]} d4 {[%clk 0:53:25]} 11. Nxc6 {[%clk
1:05:49]} Qc7 {[%clk 0:53:21]} 12. Nd5 {[%clk 0:55:52]} Qxc6 {[%clk 0:51:03]}
13. Nxf6+ {[%clk 0:56:01]} gxf6 {[%clk 0:51:19]} 14. Qf3 {[%clk 0:50:13]} Be7
{[%clk 0:43:32]} 15. a4 {[%clk 0:47:51]} Rg8 {[%clk 0:42:08]} 16. d3 {[%clk
0:46:56]} Rg6 {[%clk 0:39:59]} 17. Bc1 {[%clk 0:44:43]} O-O-O {[%clk 0:37:33]}
18. Bf4 {[%clk 0:43:24]} Rh8 {[%clk 0:34:42]} 19. Rfe1 {[%clk 0:33:17]} h5
{[%clk 0:31:07]} 20. Kh1 {[%clk 0:30:10]} Bd8 {[%clk 0:28:22]} 21. Rad1 {[%clk
0:27:50]} Ba5 {[%clk 0:18:54]} 22. Bd2 {[%clk 0:27:53]} Bc7 {[%clk 0:14:39]}
23. Bf4 {[%clk 0:27:39]} Ba5 {[%clk 0:15:07]} 24. Bd2 {[%clk 0:25:55]} Bc7
{[%clk 0:15:31]} 25. Bf4 {[%clk 0:26:02]} h4 {[%clk 0:15:58]} 26. Bxc7 {[%clk
0:25:19]} Kxc7 {[%clk 0:16:11]} 27. Qf4+ {[%clk 0:22:15]} e5 {[%clk 0:16:22]}
28. Qf3 {[%clk 0:21:05]} Rhg8 {[%clk 0:15:13]} 29. Rg1 {[%clk 0:19:59]} Rg4
{[%clk 0:13:23]} 30. g3 {[%clk 0:18:18]} h3 {[%clk 0:08:55]} 31. Rgf1 {[%clk
0:15:04]} R4g5 {[%clk 0:07:44]} 1/2-1/2